<?xml version="1.0" encoding="UTF-8"?>
<record
    xmlns:xsi="http://www.w3.org/2001/XMLSchema-instance"
    xsi:schemaLocation="http://www.loc.gov/MARC21/slim http://www.loc.gov/standards/marcxml/schema/MARC21slim.xsd"
    xmlns="http://www.loc.gov/MARC21/slim">

  <leader>01748    a2200229   4500</leader>
  <controlfield tag="001">21553</controlfield>
  <controlfield tag="005">20260407155505.0</controlfield>
  <controlfield tag="008">260407a2011    arg                 spa d</controlfield>
  <controlfield tag="003">AR-UNSa-BCEJYS</controlfield>
  <datafield tag="040" ind1=" " ind2=" ">
    <subfield code="a">AR-UNSa-BCEJYS</subfield>
    <subfield code="b">spa</subfield>
    <subfield code="c">AR-UNSa-BCEJYS</subfield>
  </datafield>
  <datafield tag="080" ind1=" " ind2=" ">
    <subfield code="a">336.2:342</subfield>
    <subfield code="x">Derecho Constitucional Tritutario</subfield>
  </datafield>
  <datafield tag="245" ind1="1" ind2="0">
    <subfield code="a">Derecho constitucional tributario</subfield>
  </datafield>
  <datafield tag="020" ind1=" " ind2=" ">
    <subfield code="a">978-950-20-2225-3</subfield>
  </datafield>
  <datafield tag="250" ind1=" " ind2=" ">
    <subfield code="a">5a.ed</subfield>
  </datafield>
  <datafield tag="264" ind1=" " ind2="1">
    <subfield code="a">Buenos Aires :</subfield>
    <subfield code="b">Abeledo Perrot</subfield>
    <subfield code="c">2011</subfield>
  </datafield>
  <datafield tag="300" ind1=" " ind2=" ">
    <subfield code="a">xxvi, 626 p.</subfield>
    <subfield code="c">25 cm.</subfield>
  </datafield>
  <datafield tag="505" ind1=" " ind2=" ">
    <subfield code="a">1. Nociones de derecho constitucional tributario - 2. El programa constitucional - 3. Derecho de propiedad y tributos - 4. Distribuci&#xF3;n constitucional de potestades tributarias - 5. Comercio interjurisdiccional - 6. Establecimientos de utilidad nacional - 7. Proyecci&#xF3;n tributaria de normas constitucionales - 8. R&#xE9;gimen de coparticipaci&#xF3;n tributaria - 9. Coparticipaci&#xF3;n de impuestos sobre los combustibles - 10. Seguridad jur&#xED;dica - 11. Principio de legalidad - 12. Irretroactividad de la ley fiscal - 13. Principio de igualdad, generalidad, proporcionalidad y progresividad - 14. Principio de capacidad contributiva - 15. Principio de razonabilidad de las leyes - 16.Principio de no confiscatoriedad - 17. Protecci&#xF3;n de la familia - 18. Principios constitucionales en materia de gastos - 19. Control de constitucionalidad - 20. Acciones y recursos. Cuestiones constitucionales - 21. Acci&#xF3;n declarativa - 22. Derecho penal tributario - 23. El rol del poder judicial - 24. Ciudad de Buenos Aires</subfield>
  </datafield>
  <datafield tag="942" ind1=" " ind2=" ">
    <subfield code="c">BK</subfield>
  </datafield>
  <datafield tag="590" ind1=" " ind2=" ">
    <subfield code="a">niveau_biblio:m niveau_hierar:0</subfield>
  </datafield>
  <datafield tag="100" ind1="1" ind2=" ">
    <subfield code="a">Spisso, Rodolfo Roque</subfield>
  </datafield>
  <datafield tag="856" ind1="4" ind2="1">
    <subfield code="u">https://biblioeco.unsa.edu.ar/pmb/images/libros/Derecho Constitucional Tributario 2.jpg</subfield>
    <subfield code="y">Imagen de portada</subfield>
    <subfield code="q">image/jpeg</subfield>
  </datafield>
  <datafield tag="999" ind1=" " ind2=" ">
    <subfield code="c">819</subfield>
    <subfield code="d">819</subfield>
  </datafield>
  <datafield tag="952" ind1=" " ind2=" ">
    <subfield code="0">0</subfield>
    <subfield code="1">0</subfield>
    <subfield code="4">0</subfield>
    <subfield code="7">0</subfield>
    <subfield code="a">BCEJYS</subfield>
    <subfield code="b">BCEJYS</subfield>
    <subfield code="c">16</subfield>
    <subfield code="d">2026-04-07</subfield>
    <subfield code="l">0</subfield>
    <subfield code="o">336.2:342 S754 5ed.</subfield>
    <subfield code="p">L119415</subfield>
    <subfield code="r">2026-04-07 15:55:05</subfield>
    <subfield code="w">2026-04-07</subfield>
    <subfield code="y">L</subfield>
  </datafield>
  <datafield tag="952" ind1=" " ind2=" ">
    <subfield code="0">0</subfield>
    <subfield code="1">0</subfield>
    <subfield code="4">0</subfield>
    <subfield code="7">0</subfield>
    <subfield code="a">BCEJYS</subfield>
    <subfield code="b">BCEJYS</subfield>
    <subfield code="c">16</subfield>
    <subfield code="d">2026-04-07</subfield>
    <subfield code="l">0</subfield>
    <subfield code="o">336.2:342 S754 5ed.</subfield>
    <subfield code="p">L119416</subfield>
    <subfield code="r">2026-04-07 15:55:05</subfield>
    <subfield code="w">2026-04-07</subfield>
    <subfield code="y">L</subfield>
  </datafield>
  <datafield tag="952" ind1=" " ind2=" ">
    <subfield code="0">0</subfield>
    <subfield code="1">0</subfield>
    <subfield code="4">0</subfield>
    <subfield code="7">0</subfield>
    <subfield code="a">BCEJYS</subfield>
    <subfield code="b">BCEJYS</subfield>
    <subfield code="c">16</subfield>
    <subfield code="d">2026-04-07</subfield>
    <subfield code="l">0</subfield>
    <subfield code="o">336.2:342 S754 5ed.</subfield>
    <subfield code="p">L119417</subfield>
    <subfield code="r">2026-04-07 15:55:05</subfield>
    <subfield code="w">2026-04-07</subfield>
    <subfield code="y">L</subfield>
  </datafield>
</record>
